00973cam a2200241 a 450000100100000000500170001000800410002702000150006804000300008308200170011310000360013024500900016626001160025630000330037249000460040550400550045150000230050660000330052965000390056260000460060170000360064783000480068300000631120200929153920.0830622s1981 sp h b 001 0aspa  z8400049096 aDO-SdBNPbspacDLCdBNPHU a860.5bG724d1 aGoya, Francisco de,d1746-1828.10aDiplomatario /cFrancisco de Goya ; edición preparada por Ángel Canellas López. aZaragoza, España :bInstitución Fernando el Católico de la Exma. Diputacion de Zaragoza, C.S.I.C.,c1981. a590 p. :bfacsims. ;c27 cm.1 aInstitución Fernando el Católicov826 aIncluye referencias Bibliográficas (p. 555-563). aIncluye índices.14aGOYA, FRANCISCO,d1746-1828. 4aArtistazEspañaxCorrespondencia14aGOYA, FRANCISCO,d1746-1828xAUTÓGRAFOS1 aCanellas López, Ángel.eed. 0aInstitución Fernando el Católico ;v826